Which Country has More Population? - Statistics

General Stats
  • This quiz has been taken 15 times
  • The average score is 9 of 15
Answer Stats
Question Answer % Correct
Cabo Verde or São Tomé and Príncipe Cabo Verde
100%
India or Vatican City India
100%
Singapore or Ireland Singapore
100%
Australia or Malawi Australia
88%
Qatar or Moldova Qatar
75%
Namibia or Panama Panama
63%
Tajikistan or Togo Tajikistan
63%
Gambia or Latvia Gambia
50%
Taiwan or Nepal Nepal
50%
Cameroon or Côte d'Ivoire Côte d'Ivoire
38%
Kenya or Tanzania Tanzania
38%
Zimbabwe or Zambia Zambia
38%
Republic of the Congo or Sierra Leone Sierra Leone
25%
Solomon Islands or the Maldives Soloman Islands
25%
Israel or Papua New Guinea Papua New Guinea
0%
No matching quizzes found
Score Distribution
Percent of People with Each Score
Percentile by Number Answered
Your Score History
You have not taken this quiz